El administrador profesional

שמור ב:
מידע ביבליוגרפי
מחבר ראשי: McGregor, Douglas (autor)
פורמט: ספר
שפה:ספרדית
יצא לאור: Ciudad de México Diana 1970
נושאים:
תגים: הוספת תג
אין תגיות, היה/י הראשונ/ה לתייג את הרשומה!

MARC

LEADER 00000nam a2200000 a 4500
001 UCR8604
003 CL-VaPUC
008 980529e19700000MX |||||||||||||||||spa|d
082 0 4 |a 658.42  |b MCG  |2 21 
100 |a McGregor, Douglas  |e autor  |9 590894 
245 1 3 |a El administrador profesional 
300 |a 221 p 
942 |c BK 
945 |d 19980529 00:00:00  |a crobeson 
260 |a Ciudad de México  |b Diana  |c 1970 
650 7 |a EJECUTIVOS  |2 CL-VaPUC  |9 260629 
650 0 |a Administración del personal  |9 260442 
650 0 |a Psicología industrial  |9 271739 
583 |a last modification  |c 19980529 00:00:00  |k Rodrigo Vera 
999 |c 270002  |d 270000 
952 |0 0  |1 0  |4 0  |6 658_420000000000000_MCG_1970  |7 0  |8 A  |9 304099  |a BIBGIM  |b BIBGIM  |d 2019-11-20  |i 140332K  |o 658.42 MCG 1970  |p 140332K  |r 2025-01-15  |w 2019-11-20  |y BK  |k COM